| 000 | 00368nam a2200133Ia 4500 | ||
|---|---|---|---|
| 008 | 220217s9999||||xx |||||||||||||| ||und|| | ||
| 020 | _a81-297-0442-0 | ||
| 082 | _a005.43 KOC | ||
| 100 | _aKochan, Stephen, G, Wood, Patrick | ||
| 245 | 0 | _aUnix: shell programming | |
| 260 |
_aPearson education asia _bDelhi _c2005 |
||
| 300 | _b0 | ||
| 650 | _aOperating systems | ||
| 999 |
_c173867 _d173867 |
||